Kitab ul Tauheed Vol two (Record no. 295308)

000 -LEADER
fixed length control field 00310 a2200133 4500
001 - CONTROL NUMBER
control field 60235
020 ## - INTERNATIONAL STANDARD BOOK NUMBER
International Standard Book Number BD-0029-1
082 ## - DEWEY DECIMAL CLASSIFICATION NUMBER
Classification number 297.2113 TAH
090 ## - LOCALLY ASSIGNED LC-TYPE CALL NUMBER (OCLC); LOCAL CALL NUMBER (RLIN)
-- 36975
-- 36975
100 ## - MAIN ENTRY--PERSONAL NAME
Personal name Tahirul Qadri
245 ## - TITLE STATEMENT
Title Kitab ul Tauheed Vol two
Medium Urdu
260 ## - PUBLICATION, DISTRIBUTION, ETC.
Place of publication, distribution, etc. Lahore
Name of publisher, distributor, etc. Minhaj ul Quran
Date of publication, distribution, etc. 2008
300 ## - PHYSICAL DESCRIPTION
Extent 750
942 ## - ADDED ENTRY ELEMENTS (KOHA)
Institution code [OBSOLETE] CAE NUST
Call number prefix 297.2113 TAH
Holdings
Withdrawn status Lost status Damaged status Not for loan Collection code Permanent Location Current Location Date acquired Total Checkouts Full call number Barcode Date last seen Price effective from Koha item type
          College of Aeronautical Engineering (CAE) College of Aeronautical Engineering (CAE) 04/03/2017   297.2113 TAH CAE81649 04/05/2017 04/05/2017 Book
© 2023 Central Library, National University of Sciences and Technology. All Rights Reserved.